Mechanics of fluids (Record no. 82833)
[ view plain ]
| 000 -LEADER | |
|---|---|
| fixed length control field | 00825nam a2200181 a 4500 |
| 008 - FIXED-LENGTH DATA ELEMENTS--GENERAL INFORMATION | |
| fixed length control field | 120416s1970 ||||||||||||||||| || u |
| 050 ## - LIBRARY OF CONGRESS CALL NUMBER | |
| Classification number | QA 901 Dun |
| 100 ## - MAIN ENTRY--PERSONAL NAME | |
| Personal name | Duncan, William Jolly |
| 245 10 - TITLE STATEMENT | |
| Title | Mechanics of fluids |
| 250 ## - EDITION STATEMENT | |
| Edition statement | 2nd. ed. |
| 260 ## - PUBLICATION, DISTRIBUTION, ETC. | |
| Place of publication, distribution, etc. | London |
| Name of publisher, distributor, etc. | Edward Arnold |
| Date of publication, distribution, etc. | 1970 |
| 300 ## - PHYSICAL DESCRIPTION | |
| Extent | xiv, 725p. : ill. |
| 350 ## - | |
| -- | 0.00 |
| 700 ## - ADDED ENTRY--PERSONAL NAME | |
| Personal name | Young, A. D |
| 995 ## - | |
| -- | BINDERY (DAMAGED) |
| -- | 0.00 |
| -- | 715418 |
| -- | CBU-MAIN LIBRARY (Kitwe) |
| -- | 2 |
| -- | 4.20 |
| -- | QA 901 Dun |
| -- | DAMAGED |
| -- | 012715 |
| -- | Main Library Open Access Collection |
| 995 ## - | |
| -- | ANNEX COLLECTION (Main Library) |
| -- | 0.00 |
| -- | 715417 |
| -- | CBU-MAIN LIBRARY (Kitwe) |
| -- | 3 |
| -- | 4.20 |
| -- | QA 901 Dun |
| -- | AVAILABLE |
| -- | 012716 |
| -- | Annex Low-Usage Collection |
| 995 ## - | |
| -- | MAIN LIBRARY OPEN ACCESS |
| -- | 0.00 |
| -- | 012717 |
| -- | CBU-MAIN LIBRARY (Kitwe) |
| -- | 1 |
| -- | 4.20 |
| -- | QA 901 Dun |
| -- | AVAILABLE |
| -- | 012717 |
| -- | Main Library Open Access Collection |
| 999 ## - | |
| -- | 82833 |
| -- | 82833 |
| Withdrawn status | Lost status | Source of classification or shelving scheme | Damaged status | Not for loan | Permanent Location | Current Location | Shelving location | Date acquired | Total Checkouts | Full call number | Barcode | Date last seen | Copy number | Price effective from | Koha item type |
|---|---|---|---|---|---|---|---|---|---|---|---|---|---|---|---|
| CBU-MAIN LIBRARY, KITWE. | CBU-MAIN LIBRARY, KITWE. | 09/29/2023 | QA 901 Dun | 012715 | 09/29/2023 | 1 | 09/29/2023 | MONOGRAPH | |||||||
| CBU-MAIN LIBRARY, KITWE. | CBU-MAIN LIBRARY, KITWE. | 09/29/2023 | QA 901 Dun | 012716 | 09/29/2023 | 2 | 09/29/2023 | MONOGRAPH | |||||||
| CBU-MAIN LIBRARY, KITWE. | CBU-MAIN LIBRARY, KITWE. | 09/29/2023 | QA 901 Dun | 012717 | 09/29/2023 | 3 | 09/29/2023 | MONOGRAPH |